Loreto College Library, Kolkata
WEBOPAC (ONLINE PUBLIC ACCESS CATALOGUE)

Restoration Comedy (Record no. 17630)

MARC details
000 -LEADER
fixed length control field 00683nam a2200217Ia 4500
005 - DATE AND TIME OF LATEST TRANSACTION
control field 20230309110127.0
008 - FIXED-LENGTH DATA ELEMENTS--GENERAL INFORMATION
fixed length control field 131103s9999 xx 000 0 und d
020 ## - ISBN | অাই এস বি এন
ISBN | অাই এস বি এন 631234721
PRICE Rs 295
040 ## - CATALOGING SOURCE
Original cataloging agency Loreto College
041 ## - LANGUAGE CODE
Language code English
082 ## - DDC | ডিউই
Classification number | বর্গসংখ্যা 822.4
Book Number | গ্রন্থাঙ্ক WOM
245 ## - TITLE STATEMENT | অাখ্যা বিবরণী
Title | অাখ্যা Restoration Comedy
Sub title | উপঅাখ্যা Introduced by Duncan Wu with texts taken from Restoration Drama : An Anthology
Statement of responsibility | লেখকের দায়িত্বের বিবরণ Edited by David Womersley
260 ## - IMPRINT | প্রকাশনা ক্ষেত্র
Place of publication | প্রকাশ স্থান Oxford
Name of publisher | প্রকাশকের নাম Blackwell Publishing
Date of publication | প্রকাশ কাল 2002
300 ## - PHYSICAL DESCRIPTION |
Page / Vol. No | পৃষ্ঠা / খন্ড সংখ্যা 153p
440 ## - SERIES STATEMENT |গ্রন্থমালা
Series Title | গ্রন্থমালা অাখ্যা Blackwell Essential Literature
504 ## - BIBLIOGRAPHY, ETC. NOTE
Bibliography, etc Includes bibliographical references
650 ## - SUBJECT ADDED ENTRY--TOPICAL TERM | বিষয় শিরোনাম - মূল বিষয়
Topical term | মূল বিষয় Restoration Comedy
700 ## - ADDED ENTRY--PERSONAL NAME | অতিরিক্ত সংলেখ - ব্
Personal name | ব্যাক্তিনাম Womersley, David, ed
850 ## - HOLDING INSTITUTION
Holding institution LCLIB
942 ## - ADDED ENTRY ELEMENTS (KOHA)
Koha item type Books
Holdings
Withdrawn status Lost status Source of classification Damaged status Not for loan Home library Current library Date acquired Total Checkouts Full call number Accession No. Date last seen Date checked out Price effective from Koha item type Coded location qualifier
    Dewey Decimal Classification     Loreto College Loreto College 04/11/2013 5 822.4 WOM 45932 B18056 28/08/2019 28/08/2019 04/11/2013 Books